000 01199cab a2200253 4500
001 ABS60606
008 090401t1999 xxu||||| |||| 00| 0 eng d
035 _a(Sirsi) u93743
041 _aeng
245 _aWhat has the Egan initiative achieved? Benchmarking Egan
260 _c1999
350 _a0
490 _aContract Journal
_v26 May 1999, 14-19(6)
520 _aResults of a survey conducted by NSM Research for Contract Journal with one hundred industry leaders who attended the government-sponsored seminar to launch the Egan initiative. Overall, 90% are convinced that Egan will make a lasting difference, though less than four out of ten believe it will radically change the industry. However the companies have drawn up Egan strategies, are benchmarking performance, and prioritisation of issues such as safety is evident. Action to improve worker welfare, recruitment of women and ethnic minorities is also on the agenda. Graphs. Pie charts. Tables.
650 _aBENCHMARKING
650 _aEGAN REFORMS
650 _aETHNIC MINORITIES
650 _aSURVEYS
650 _aWELFARE
650 _aWOMEN
690 _aBUILT ENVIRONMENT
942 _n0
948 _c03/06/1999
999 _c59420
_d59420